2005 Washington ,DC. Baltimore Restaurants : Including Annapolis the Eastern Shore and Nothern Virginia.

Bibliographic Details
Format: Book
Published: New York : Zagat Survey,LLC , 2004
Subjects:

MARC

LEADER 00000cam a2200000 7i4500
001 0000052052
005 20010102.0
008 010101s2004
020 |a 1570066221 
090 0 0 |a R 647.97 TWO 
245 0 1 |a 2005 Washington ,DC. Baltimore Restaurants :   |b Including Annapolis the Eastern Shore and Nothern Virginia. 
260 |a New York :   |b Zagat Survey,LLC ,   |c 2004 
300 |a 236p. ;   |c 22cm. 
650 0 0 |a Restaurants - Washington. 
999 |a 251755   |b Buku   |c Rak Terbuka   |e Perbadanan Perpustakaan Awam Melaka